<?xml version="1.0" encoding="UTF-8"?>
<collection xmlns="http://www.loc.gov/MARC21/slim">
<record>
  <controlfield tag="001">170108</controlfield>
  <controlfield tag="005">20260318155254.0</controlfield>
  <datafield tag="024" ind1="7" ind2=" ">
    <subfield code="2">doi</subfield>
    <subfield code="a">10.51585/gjvr.2026.1.0172</subfield>
  </datafield>
  <datafield tag="024" ind1="8" ind2=" ">
    <subfield code="2">sideral</subfield>
    <subfield code="a">148637</subfield>
  </datafield>
  <datafield tag="037" ind1=" " ind2=" ">
    <subfield code="a">ART-2026-148637</subfield>
  </datafield>
  <datafield tag="041" ind1=" " ind2=" ">
    <subfield code="a">eng</subfield>
  </datafield>
  <datafield tag="100" ind1=" " ind2=" ">
    <subfield code="a">Cañón-Pérez, Ariel</subfield>
  </datafield>
  <datafield tag="245" ind1=" " ind2=" ">
    <subfield code="a">Multifidus cervicis plane block as part of a multimodal approach in a dog undergoing dorsal C3 laminectomy</subfield>
  </datafield>
  <datafield tag="260" ind1=" " ind2=" ">
    <subfield code="c">2026</subfield>
  </datafield>
  <datafield tag="520" ind1="3" ind2=" ">
    <subfield code="a">Effective perioperative analgesia is crucial in canine spinal surgery due to the moderate to severe pain associated. Locoregional anaesthesia is increasingly used within multimodal strategies to reduce opioid requirements, but reports on cervical applications remain limited. This case report describes the first use of a multifidus cervicis plane block in a Labrador Retriever undergoing dorsal laminectomy at C3 for removal of a dorsally compressive extradural mass. A multimodal anesthetic protocol included medetomidine, methadone, propofol, ketamine, and midazolam, with anaesthesia maintained using sevoflurane and a ketamine infusion. Bilateral ultrasound-guided multifidus cervicis plane blocks were performed, injecting bupivacaine (0.15 ml kg-1 per side) in the interfascial plane between the multifidus and semispinalis capititis muscles. Hemodynamic stability was maintained intraoperatively, with only a single fentanyl bolus required. Postoperative analgesia included ketamine and medetomidine infusions, paracetamol, gabapentin, methylprednisolone, and physiotherapy. Pain scores remained below intervention thresholds, and no additional opioid rescue was needed. The patient showed progressive neurological improvement and was discharged eight days postoperatively. Histopathology confirmed chronic pyogranulomatous pachymeningitis. This report demonstrates the feasibility and potential benefit of cervical multifidus plane block, supporting its inclusion in multimodal analgesia for cervical spine surgery. Further studies are warranted to define optimal dosing, efficacy, and safety.</subfield>
  </datafield>
  <datafield tag="506" ind1="0" ind2=" ">
    <subfield code="a">Access copy available to the general public</subfield>
    <subfield code="f">Unrestricted</subfield>
  </datafield>
  <datafield tag="540" ind1=" " ind2=" ">
    <subfield code="9">info:eu-repo/semantics/openAccess</subfield>
    <subfield code="a">by-nc</subfield>
    <subfield code="u">https://creativecommons.org/licenses/by-nc/4.0/deed.es</subfield>
  </datafield>
  <datafield tag="655" ind1=" " ind2="4">
    <subfield code="a">info:eu-repo/semantics/article</subfield>
    <subfield code="v">info:eu-repo/semantics/publishedVersion</subfield>
  </datafield>
  <datafield tag="700" ind1=" " ind2=" ">
    <subfield code="a">Fernández-Parra, Rocío</subfield>
    <subfield code="0">(orcid)0000-0003-2128-9141</subfield>
  </datafield>
  <datafield tag="700" ind1=" " ind2=" ">
    <subfield code="a">Viscasillas-Monteagudo, Jaime</subfield>
  </datafield>
  <datafield tag="700" ind1=" " ind2=" ">
    <subfield code="a">Bonastre-Ráfales, Cristina</subfield>
    <subfield code="u">Universidad de Zaragoza</subfield>
    <subfield code="0">(orcid)0000-0001-6178-9891</subfield>
  </datafield>
  <datafield tag="710" ind1="2" ind2=" ">
    <subfield code="1">1009</subfield>
    <subfield code="2">617</subfield>
    <subfield code="a">Universidad de Zaragoza</subfield>
    <subfield code="b">Dpto. Patología Animal</subfield>
    <subfield code="c">Área Medicina y Cirugía Animal</subfield>
  </datafield>
  <datafield tag="773" ind1=" " ind2=" ">
    <subfield code="g">6, 1 (2026), [6 pp.]</subfield>
    <subfield code="t">German journal of veterinary research</subfield>
  </datafield>
  <datafield tag="856" ind1="4" ind2=" ">
    <subfield code="s">891661</subfield>
    <subfield code="u">http://zaguan.unizar.es/record/170108/files/texto_completo.pdf</subfield>
    <subfield code="y">Versión publicada</subfield>
  </datafield>
  <datafield tag="856" ind1="4" ind2=" ">
    <subfield code="s">2566737</subfield>
    <subfield code="u">http://zaguan.unizar.es/record/170108/files/texto_completo.jpg?subformat=icon</subfield>
    <subfield code="x">icon</subfield>
    <subfield code="y">Versión publicada</subfield>
  </datafield>
  <datafield tag="909" ind1="C" ind2="O">
    <subfield code="o">oai:zaguan.unizar.es:170108</subfield>
    <subfield code="p">articulos</subfield>
    <subfield code="p">driver</subfield>
  </datafield>
  <datafield tag="951" ind1=" " ind2=" ">
    <subfield code="a">2026-03-18-13:52:26</subfield>
  </datafield>
  <datafield tag="980" ind1=" " ind2=" ">
    <subfield code="a">ARTICLE</subfield>
  </datafield>
</record>
</collection>